Zvýšenie súm stravného

Sumy stravného sa od 1. 6. 2023 opäť zvýšili opatrením Ministerstva práce, sociálnych vecí a rodiny SR č. 171/2023 Z. z. Ukážkové príklady, ako sa vypočítavajú príspevky na stravovanie a cestovné náhrady.

Saved in:
Bibliographic Details
Main Author: Gášpárová, Eva
Format: Book Chapter
Language:Slovak
Subjects:
Tags: Add Tag
No Tags, Be the first to tag this record!

MARC

LEADER 00000naa a2200000 4500
001 0295288
005 20240417075241.4
041 0 |a slo 
044 |a SK 
245 1 0 |a Zvýšenie súm stravného  |c Eva Gášpárová 
520 |a Sumy stravného sa od 1. 6. 2023 opäť zvýšili opatrením Ministerstva práce, sociálnych vecí a rodiny SR č. 171/2023 Z. z. Ukážkové príklady, ako sa vypočítavajú príspevky na stravovanie a cestovné náhrady. 
610 2 0 |a stravovanie zamestnancov 
610 2 0 |a vozidlá motorové 
610 2 0 |a zmennosť 
610 2 0 |a právo 
610 2 0 |a legislatíva 
610 2 0 |a zákony 
100 1 |a Gášpárová, Eva